| 000 | 01429cam a2200373 a 4500 | ||
|---|---|---|---|
| 001 | 1673633 | ||
| 003 | ARRUPE | ||
| 005 | 20130925123507.0 | ||
| 008 | 980715r19981996cau b 100 0 eng d | ||
| 010 | _a 98060374 | ||
| 020 | _a0804734860 (alk. paper) | ||
| 020 | _a0804734879 (pbk. : alk. paper) | ||
| 035 | _a(OCoLC)40062174 | ||
| 040 |
_aTNJ _cTNJ _dDLC |
||
| 041 | 1 |
_aeng _hfregeritaspa |
|
| 042 | _alccopycat | ||
| 050 | 0 | 0 |
_aBL21 _b.R435 1998 |
| 130 | 0 |
_aReligion. _lEnglish. _91247 |
|
| 245 | 0 | 0 |
_aReligion / _cedited by Jacques Derrida and Gianni Vattimo. |
| 260 |
_aStanford, CA : _bStanford University Press, _c1998. |
||
| 300 |
_ax, 211 p. ; _c24 cm. |
||
| 440 | 0 |
_aCultural memory in the present _91248 |
|
| 500 | _aOriginally published: Paris : Editions du Seuil, 1996. | ||
| 500 | _aPapers presented at a seminar held at Capri, Feb. 28-Mar. 1, 1994. | ||
| 504 | _aIncludes bibliographical references. | ||
| 546 | _aFrench edition chiefly translated from German, Italian, and Spanish. | ||
| 650 | 0 |
_aReligion _vCongresses. _91249 |
|
| 700 | 1 |
_aDerrida, Jacques. _91250 |
|
| 700 | 1 |
_aVattimo, Gianni, _d1936- _91251 |
|
| 856 | 4 | 2 |
_3Publisher description _uhttp://www.loc.gov/catdir/enhancements/fy0710/98060374-d.html |
| 906 |
_a7 _bcbc _ccopycat _d2 _eopcn _f19 _gy-gencatlg |
||
| 942 |
_2lcc _cMONOGRAPH |
||
| 999 |
_c118041 _d118041 |
||